000 00628nam a2200265Ia 4500
005 20260306164057.0
008 008 260114s9999 xx 000 0 eng d
020 _a9781529207767
037 _aEBOOK
040 _aCRL
040 _beng
040 _cCRL
041 _2eng
041 _aeng
084 _qCRL
100 _aBasu, Kirby, Shepherd
_91129952
245 0 _aNew Directions In Women, Peace And Security
260 _bThe Policy Press
260 _c2021
650 _aPhilosophy
856 _uhttps://academic.oup.com/book/38432
942 _cEBOOK
999 _c1712660
_d1712660